Land code (Record no. 487544)

000 -LEADER
fixed length control field 00385cam a22001217a 4500
008 - FIXED-LENGTH DATA ELEMENTS--GENERAL INFORMATION
fixed length control field 180718b-- xxu||||| |||| 00| 0 eng d
082 ## - DEWEY DECIMAL CLASSIFICATION NUMBER
Classification number A42x5433 Land
245 ## - TITLE STATEMENT
Title Land code
Statement of responsibility, etc. by Legislative Department, Punjab
260 ## - PUBLICATION, DISTRIBUTION, ETC.
Place of publication, distribution, etc. Chandigarh
Name of publisher, distributor, etc. Legislative Department
Date of publication, distribution, etc. --
300 ## - PHYSICAL DESCRIPTION
Extent 2 vols.
500 ## - GENERAL NOTE
General note Contents: v.a. 1963. 680+p.;v.2. 1963. 592+p
700 ## - ADDED ENTRY--PERSONAL NAME
Personal name Punjab. Legislative Department
Holdings
Withdrawn status Lost status Damaged status Not for loan Permanent Location Current Location Date acquired Full call number Barcode Date last seen Price effective from Koha item type
        Indian Institute of Public Administration Indian Institute of Public Administration 2018-08-04 A42x5433 Land G4279 2018-08-04 2018-08-04 G
        Indian Institute of Public Administration Indian Institute of Public Administration 2018-08-04 A42x5433 Land G4278 2018-08-04 2018-08-04 G

Powered by Koha